000 00627nam a2200205Ia 4500
003 IN-BaIIA
008 211028s9999 xx 000 0 eng d
040 _cIIA Library
080 _a524.3.5
_bEDD
100 _aEddington, A. S.
245 4 _aThe internal constitution of the stars
_cA. S. Eddington
260 _aCambridge
_bCambridge University Press
_c1930
300 _ax, 407p.
500 _aDonated by Mrs. Bappu
650 _aAstronomy and Astrophysics Thesaurus
650 _aStellar
_95655
650 _aStellar Evolution
650 _aStellar Structure
942 _cBK
999 _c7540
_d7540